LEADER 01061nam a2200265 a 4500 001 000000125811 003 CaOOAMICUS 005 20110622143253.0 008 110622s2011 it u000 u ita r 020 $a978-88-7198-606-7 040 $aPUL$bita 082 04$a268 100 1 $aIntrovigne, Massimo.$0(OLS)http://pul/name/30213 245 10$aTu sei Pietro :$bBenedetto XVI contro la dittatura del relativismo /$cMassimo Introvigne. 260 $aMilano :$bSugarCo,$cİ2011. 300 $a316 p. ;$c21 cm 650 4$aApologetica.$0(OLS)http://pul/subject/414 850 $aPUL 852 $aPUL$W1$xSL Religione 3$y85$m268 INTMA 1$j144923$qDDC 21$B143932$CPULBib$Z2$F143932 $H117182 $82 941 1 $a9 996 $6020$a978-88-7198-606-7$9(OLS)http://pul/number/147571 996 $6082$a268$9(OLS)http://pul/classification/662 996 $6245$aTu sei Pietro :$bBenedetto XVI contro la dittatura del relativismo$9(OLS)http://pul/title/158756 996 $6260$aMilano :$bSugarCo$9(OLS)http://pul/publisher/48978 LEADER 01475nam a2200325 a 4500 001 000000138454 003 CaOOAMICUS 005 20140515141255.0 008 140515s2014 gw u000 u ger r 020 $a978-3-7873-0901-6 040 $aPUL$bita 100 1 $aHegel, Georg Wilhelm Friedrich,$d1770-1831.$0(OLS)http://pul/name/6237 245 10$aFrühe Schriften II /$cGeorg Wilhelm Friedrich Hegel ; bearbeitet von Friedhelm Nicolin, Ingo Rill un Peter Kriegel ; Hrsg. von Walter Jaeschke. 260 $aHamburg :$bMeiner,$c2014. 300 $aVIII, 714 p. ;$c26 cm 490 1 $aGeorg Wilhelm Friedrich Hegel Gesammelte Werke ;$vBd. 2 504 $aBibliografia in nota. 650 4$aFilosofia$xStoria.$0(OLS)http://pul/subject/580 700 1 $aNicolin, Friedhelm.$0(OLS)http://pul/name/38761 700 1 $aRill, Ingo.$0(OLS)http://pul/name/89260 700 1 $aKriegel, Peter.$0(OLS)http://pul/name/89261 700 1 $aJaeschke, Walter.$0(OLS)http://pul/name/36233 830 0$aGeorg Wilhelm Friedrich Hegel Gesammelte Werke ;$vBd. 2.$0(OLS)http://pul/title/84330 850 $aPUL 852 $aPUL$W1$xSL Filosofia 1$y2$m85 E 76.2.2$j159674$qStampati$B159208$CPULBib$Z2$F159208 $H124032 $82 941 1 $a8 996 $6020$a978-3-7873-0901-6$9(OLS)http://pul/number/155296 996 $6245$aFrühe Schriften II$9(OLS)http://pul/title/175259 996 $6260$aHamburg :$bMeiner$9(OLS)http://pul/publisher/48261 LEADER 01909nam a2200337 a 4500 001 000000174220 003 CaOOAMICUS 005 20210203111752.0 008 210203s2020 it o 000 u ita r 020 $a978-88-213-1365-3* 032 $aLibriCat 040 $aPUL$bita 082 04$a791.43 245 00$aFellini e il sacro : $bstudi e testimonianze /$cDavide Bagnaresi, Guido Benzi, Renato Butera (a cura) 260 $aRoma :$bLAS,$cİ2020. 300 $a282 p. :$b[7] carte di tav. foto ;$c24 cm 500 $aContiene contributi di studiosi, critici cinematografici e teologi, elaborati per il Convegno ?Fellini e il Sacro? (Rimini/Roma, marzo 2020), promosso dalla Università Pontificia Salesiana ? Facoltà di Scienze della Comunicazione sociale; dall?Istituto Superiore di Scienze Religiose ?Alberto Marvelli? delle Diocesi di Rimini e di San Marino-Montefeltro e dal Centro Culturale Paolo VI di Rimini, in occasione del centenario della nascita del Regista riminese. 504 $aBibliografia in nota e alle p. 269-278. 600 14$aFellini, Federico,$d1920-1993.$0(OLS)http://pul/subject/3450 650 4$aCinema$xAspetti morali e religiosi.$0(OLS)http://pul/subject/38876 700 1 $aBagnaresi, Davide.$0(OLS)http://pul/name/111936 700 1 $aButera, Renato.$0(OLS)http://pul/name/111937 700 1 $aBenzi, Guido,$csac.,$d1964-$0(OLS)http://pul/name/52821 850 $aPUL 852 $aPUL$W1$xDP2 Cons. Gen., Altre Classi 3$y97$m791. 43 BAGDA 1$j198560$qDDC 21$B203141$CPULBib$Z2$F203141 $H134733 $82 941 1 $a9 996 $6020$a978-88-213-1365-3*$9(OLS)http://pul/number/167980 996 $6082$a791.43$9(OLS)http://pul/classification/531 996 $6245$aFellini e il sacro : $bstudi e testimonianze$9(OLS)http://pul/title/215448 996 $6260$aRoma :$bLAS$9(OLS)http://pul/publisher/48069